000
00264pam a2200121 a 4500
020
_c
041
_a
eng
100
_a
Yerma.B.W.
245
_a
Three Tragedies
_h
Textual Documents
260
_a
New York
_b
Penguin Books Ltd
_c
1947
300
_a
203p.
930
_a
15544
999
_c
92444
_d
92444